Normal view
MARC view
- BASIC ELECTRONICS.GROBS BASIC ELECTRONICS
Entry Topical Term
001 - CONTROL NUMBER
- control field: 66359
003 - CONTROL NUMBER IDENTIFIER
- control field: NUST
005 - DATE AND TIME OF LATEST TRANSACTION
- control field: 20210628203558.0
008 - FIXED-LENGTH DATA ELEMENTS
- fixed length control field: 210628|| aca||aabn | a|a d
040 ## - CATALOGING SOURCE
- Original cataloging agency: NUST
- Transcribing agency: NUST
150 ## - HEADING--TOPICAL TERM
- Topical term or geographic name entry element: BASIC ELECTRONICS.GROBS BASIC ELECTRONICS
670 ## - SOURCE DATA FOUND
- Source citation: Work cat.: (NUST): Schultz, Mitchel .E 21044, Grobs basic electronics, 2007
